Elektrické stroje 2 : Asynchronní stroje. Synchronní stroje /

Guardado en:
Detalles Bibliográficos
Autor principal: Petrov, Georgij Nikolajevič (Autor)
Formato: Libro
Lenguaje:checo
Publicado: Praha : Academia, 1982
Edición:1.vyd.
Etiquetas: Agregar Etiqueta
Sin Etiquetas, Sea el primero en etiquetar este registro!

MARC

LEADER 00000nam a22000003a 4500
001 stu9623
005 20150617225803.8
008 970425s1982----cs------------------cze-d
040 |a STU  |b slo 
041 0 |a cze 
044 |a cs 
080 |a 621.313.32/.33 
100 1 |a Petrov, Georgij Nikolajevič  |4 aut 
245 1 |a Elektrické stroje 2 :  |b Asynchronní stroje. Synchronní stroje /  |c [aut.] Petrov,Georgij Nikolajevič 
250 |a 1.vyd. 
260 |a Praha :  |b Academia,  |c 1982 
300 |a 728 s 
996 |b 284EK03862  |c E*49807  |l EE01  |s A  |a 24  |w stu9623_0002 
996 |b 284EK03865  |c E*49808  |l EE01  |s A  |a 24  |w stu9623_0003 
996 |b 284EK03863  |c E*49809  |l EE0101  |s P  |a 0  |w stu9623_0004 
996 |b E51215  |c E*51215  |l EE04  |s P  |a 0  |w stu9623_0005